Admission requirements business economics and management

Bibliographic Details
Main Authors: Sakálová, Katarína, 1955- (Author), Novák, Marcel, 1979- (Author), Laskovičová, Tatiana (Author), Bilíková, Mária, 1951- (Author)
Format: Software eBook
Language:English
PhysicalDescription:1 elektronický optický disk (CD-ROM) fareb. 12 cm
Published: Bratislava Ekonóm 2014
ISBN:9788022537360 (elektronická kniha)
Subjects:

MARC

LEADER 00000nam a2200000 a 4500
001 vtls010635984
003 SK-MaSNL
005 20260302050846.0
007 co cg auuua
008 160429s2014 xo | fsf 000 0 eng
015 |a SNBS2015 
020 |a 9788022537360 (elektronická kniha) 
040 |a SNK  |b slo  |c SNK  |e AACR2 
041 0 |a eng 
044 |a xo  |c SK 
072 7 |a 378  |x Vysoké školy  |2 konspekt 
080 |a 378.6:33  |2 2001 
080 |a 371.279.5/.6  |2 2001 
080 |a 33  |2 2001 
080 |a (035)  |2 2001 
080 |a (0.034.44)  |2 2001 
245 0 0 |a Admission requirements  |h elektronický zdroj  |b business economics and management  |c Mária Bilíková ... [et al.] 
246 3 0 |a Business economics and management 
260 |a Bratislava  |b Ekonóm  |c 2014 
300 |a 1 elektronický optický disk (CD-ROM)  |b fareb.  |c 12 cm 
500 |a Názov z titulnej obrazovky 
516 |a Textový dokument (príručka), súbor vo formáte pdf 
538 |a Technické požiadavky: PDF prehliadač 
650 0 7 |a vysoké školy ekonomické  |2 SNKPH  |9 67405 
650 0 7 |a prijímacie skúšky  |2 SNKPH  |9 1229 
650 0 7 |a ekonómia  |2 SNKPH  |9 788 
650 0 7 |a Entrance examinations  |2 SNKPHeng  |9 311635 
650 0 7 |a Universities of economics  |2 SNKPHeng  |9 267333 
650 0 7 |a Economics  |2 SNKPHeng  |9 265310 
655 7 |a elektronické zdroje  |2 SNKPH  |9 90954 
655 7 |a Handbooks, manuals, etc.  |2 SNKPHeng  |9 90964 
655 7 |a príručky  |2 SNKPH  |9 74364 
655 7 |a CD-ROM  |2 SNKPH  |9 70236 
655 7 |a Electronic resources  |2 SNKPHeng  |9 175546 
700 1 |a Sakálová, Katarína,  |d 1955-  |4 aut  |9 150597 
700 1 |a Novák, Marcel,  |d 1979-  |4 aut  |9 216190 
700 1 |a Laskovičová, Tatiana  |4 aut  |9 41798 
700 1 |a Bilíková, Mária,  |d 1951-  |4 aut  |9 11987 
919 |a 978-80-225-3736-0 
999 |c 1098716  |d 1100646 
952 |a SNK  |b SNK  |y PREZ  |7 0  |p 17A1119429  |o snkSCDM 6852  |i snk2014/25223  |8 0  |0 0  |1 0  |4 0  |d 2014-11-14  |l 0  |r 2026-02-24 17:22:15  |w 2026-02-24 
952 |t snkADM 33:37  |a SNKMST  |b SNKMST  |y PREZ  |7 0  |p 17A1119430  |o snkSCDM 6852 D1  |i snk2014/25224  |8 0  |0 0  |1 0  |4 0  |d 2014-11-14  |l 0  |r 2025-08-11 00:00:00  |w 2026-02-24